000 00676 a2200217 4500
003 Nust
005 20220802131415.0
010 _a 2001266342
020 _a0195216830
040 _cNust
082 0 0 _a603,INT
245 0 4 _aThe International Encyclopedia of Science and Technology /
_c[editor, Steve Luck].
250 _a[Rev. and updated ed.].
260 _aNew York :
_bOxford University Press,
_c1999.
300 _a471 p. :
_bill. (some col.), maps ;
_c31 cm.
650 0 _aScience
650 0 _aTechnology
700 1 _aLuck, Steve.
_996284
856 4 2 _3Publisher description
_uhttp://www.loc.gov/catdir/enhancements/fy0636/2001266342-d.html
942 _cENC
_2ddc
999 _c175468
_d175468